000 00936nam a22002417a 4500
999 _c1857
_d1857
003 AR-CdUCM
008 190228b ||||| |||| 00| 0 spa d
020 _a8430801138
040 _aMUNICIPALIDAD PROVINCIAL DEL CUSCO
_cBIBLIOTECA MUNICIPAL DEL CUSCO
041 _heng
082 _a346.4 /
_bL23
100 _aDe Lanversin, Jacques
_96802
245 _aLa propiedad :
_bUna nueva regla del juego /
_cJacques de Lanversin
260 _aMadrid :
_bTecniban,
_c1976.
300 _a184 paginas ;
_c19 cm.
505 _aHistoria esquemática y significativa -- El movimiento de las ideas y la estabilidad de las cosa -- El templo vació o la Época de las puestas en tela de juicio -- De la ambición socialista a su puesta en practica ...
650 _aCategoría jurídica
_96803
650 _aPropiedad
_9740
650 _aEconomía
_9382
700 _aRogla de Leuw, Juan
_96804
942 _2ddc
_cLIBROS
945 _aacv
_d2019-02-28